00521nam a2200145Ia 4500008004100000100001700041245009000058245001700148260005900165650001800224650001500242856002600257999001900283952007300302170221s9999 xx 000 0 und d aJinal Parikh aReaders’ Perceptions of Leading Vernacular Dailies in Ahmedabad, (Gujarat, India)  cJinal Parikh bOnline Journal of Communication and Media Technologies xCommunication xMedia Arts uhttp://www.ojcmt.net/ c312889d312889 001040aCLbCLd2017-02-21l0r2017-02-21 00:00:00w2017-02-21yFOJ